000 00642nam a2200193Ia 4500
003 GCL
008 140319s9999 xx 000 0 ara d
040 _aGCL /
_cGCL
082 0 4 _a953.09
_bك ع
100 1 _aعبدالرحمن عبدالله الشيخ
245 1 0 _aالعثمانيون فى اوربا /
_cعبدالرحمن عبدالله الشيخ
700 1 _aكولز, بول
300 _a223
490 _a100 قصة
_v0
650 0 4 _aالامبراطورية العثمانية فى اوروبا
650 0 4 _aاوربا - تاريخ - العصور الوسطى
650 0 4 _aالاسلام واوربا
942 _2ddc
_cBK
999 _c44292
_d44292